005560000a22001930004500060000800000082001200008100002200020100002000042100002200062245001600084250000600100260004400106260000900150300000800159650005900167942000700226999001900233952011000252 a100 a581 FUL aCarothers, Zane B aFuller, Harry J aPayne, Willard W. aPlant world a5 aNew York, HOH, Rinehart and winston Inc c1972 a553 aBotany/ plants - physiology/ seeds/ plants - taxonomy cBK c349682d349682 00104070aKAUCOAVbKAUCOAVd2014-05-02l0o581 FULpKAU_COAV-18104r2014-05-02 00:00:00w2014-05-02yBK